| 000 | 00666nam a2200193 i 4500 | ||
|---|---|---|---|
| 001 | bg | ||
| 100 | 1 |
_aSANGLERAT, Guy _d(1924- ) |
|
| 245 | 0 |
_aPractical problems in soil mechanics and foundation engineering, 2 : _bwall and foundation calculations, slope stability / _cGuy Sanglerat, Gilbert Olivari, Bernard Cambou. |
|
| 260 |
_aAmsterdam : _bElsevier, _c1985. |
||
| 490 | 1 |
_aDevelopments in Geotechnical Engineering ; _v34B |
|
| 700 | 1 | _aOLIVARI, Gilbert | |
| 700 | 1 | _aCAMBOU, Bernard | |
| 830 | _aDevelopments in Geotechnical Engineering ; | ||
| 040 | _cBPK | ||
| 041 | _apol | ||
| 080 | _a624.1 | ||
| 942 | _cKS | ||
| 008 | s pl f |000 0 pol | ||
| 999 |
_c28470 _d28470 |
||
| 856 |
_uhttp://koha.tu.koszalin.pl/cgi-bin/koha/opac-detail.pl?biblionumber=28470 _yKatalog online BPK |
||